000 00653nam a2200217Ia 4500
008 191130s1986##################000#0#eng##
020 _a9780075547990 (acid-free paper)
022 _a699828
040 _aACL
_cACL
082 _a302.35 PER
100 _aPerrow, Charles
245 _aComplex organizations : a critical essay
_cCharles Perrow
250 _a3rd ed
260 _aNew York
_bMcGraw-Hill
_c1986
300 _ax, 305 p. : ill. ; 24 cm
500 _aIncludes bibliographical references (p. 279-295) and index
650 _aComplex organizations
990 _a06784b30ac10000c329d622b1fe5cf3c
991 _a17388
999 _c135193
_d135193